| 000 | 01200pam a2200325 a 4500 | ||
|---|---|---|---|
| 003 | EG-GICUC | ||
| 005 | 20260203093351.0 | ||
| 008 | 890621s1989 enk frb 001 0 eng d | ||
| 020 | _a0719022789 | ||
| 020 | _a9780719022784 | ||
| 040 |
_aDLC _cDLC _dDLC _dEG-GICUC _beng _erda |
||
| 050 | 0 | 0 |
_aK3240.4 _b.R6 1989 |
| 082 | 0 | 0 |
_a341.48 _221 |
| 092 | 0 | 4 | _221 |
| 099 | _aLaw 11 1989 | ||
| 100 | 1 |
_aRobertson, A. H. _q(Arthur Henry), _d1913- |
|
| 245 | 1 | 0 |
_aHuman rights in the world : _ban introduction to the study of the international protection of human rights / _cby A.H. Robertson and J.G. Merrills. |
| 250 | _a3rd edition. | ||
| 264 |
_aManchester [England] ; _aNew York : _bManchester University Press ; _aNew York, NY, USA : _bDistributed exclusively in the USA and Canada by St. Martin's Press, _c1989. |
||
| 300 |
_avi, 314 peges ; _c23 cm. |
||
| 336 |
_atext _2rdacontent |
||
| 337 |
_aComputer _2rdamedia |
||
| 338 |
_aOnline Resource _2rdacarrier |
||
| 504 | _aIncludes bibliographical references and index. | ||
| 650 | 0 | _aHuman rights. | |
| 700 | 1 | _aMerrills, J. G. | |
| 856 | 4 | 0 | _uhttps://fll.law.cu.edu.eg/fulltext/bks/ENGB11-00112.pdf |
| 905 | _a10 | ||
| 942 |
_2ddc _cBK _e21 _n0 |
||
| 999 |
_c60431 _d60431 |
||